[Event "Val Thorens op 34th"]
[Site "Val Thorens"]
[Date "2008.07.19"]
[Round "1"]
[White "Hensbergen, Willem"]
[Black "Derbal, Abdel Karim"]
[Result "1-0"]
[WhiteElo "2100"]
[BlackElo "1740"]
[PlyCount "41"]
[EventDate "2008.07.19"]
[EventType "swiss"]
[EventRounds "9"]
[EventCountry "FRA"]
[SourceTitle "EXT 2009"]
[Source "ChessBase"]
[SourceDate "2008.11.26"]
[SourceVersion "1"]
[SourceVersionDate "2008.11.26"]
[SourceQuality "1"]

1. d4 d5 2. c4 e6 3. Nc3 Nf6 4. cxd5 exd5 5. Bg5 Be7 6. e3 c6 7. Qc2 Nbd7 8. Bd3 h6 9. Bh4 0-0 10. Nge2 Re8 11. f3 Nf8 12. 0-0 Nh5 13. Bf2 Bd6 14. Rad1 Ne6 15. g4 Ng5 16. Kg2 Qf6 17. Ng1 g6 18. Bh4 Rxe3 19. gxh5 Qxd4 20. Qf2 Qf4 21. Bg3 1-0